Basics of qualitative research : techniques and procedures for developing grounded theory
Αποθηκεύτηκε σε:
| Κύριος συγγραφέας: | |
|---|---|
| Άλλοι συγγραφείς: | |
| Μορφή: | Βιβλίο |
| Γλώσσα: | English |
| Δημοσίευση: |
Thousand Oaks :
Sage Publications,
c1998
|
| Έκδοση: | 2nd ed. |
| Θέματα: | |
| Ετικέτες: |
Προσθήκη ετικέτας
Δεν υπάρχουν, Καταχωρήστε ετικέτα πρώτοι!
|
MARC
| LEADER | 00000nam a2200000 i 4500 | ||
|---|---|---|---|
| 001 | 1/39028 | ||
| 008 | 030807s1998 eng d | ||
| 020 | |a 0-8039-5940-0 | ||
| 035 | |l 10070548 | ||
| 040 | |a GR-MY-UA |b gre |e aacr | ||
| 041 | 0 | |a eng | |
| 082 | 0 | |a 300.72 |2 (22) | |
| 100 | 1 | |a Strauss, Anselm L. | |
| 245 | 1 | 0 | |a Basics of qualitative research : |b techniques and procedures for developing grounded theory / |c Anselm Strauss and Juliet Corbin |
| 250 | |a 2nd ed. | ||
| 260 | |a Thousand Oaks : |b Sage Publications, |c c1998 | ||
| 300 | |a xiii, 312 σ.; |b εικ.; |c 23 εκ. | ||
| 504 | |a Βιβλιογραφία: σ. 297-302. Ευρετήριο | ||
| 650 | 0 | 0 | |a Social sciences |x Statistical methods. |
| 650 | 0 | 0 | |a Grounded theory. |
| 700 | 1 | |a Corbin, Juliet M. |d 1942- | |
| 852 | |a INST |b LESVOS |e 20030807 |h 300.727 STR |p 005100026686 |q 005100026686 |t BK |y 0 | ||
| 852 | |a INST |b SYROS |e 20080221 |h 300.72 STR |p 005500006528 |q 005500006528 |t BK |y 4 |x 20120613 | ||
| 901 | |a BIBL5-2008-1 | ||
| 901 | |a BIBL1-2003-2 | ||
| 909 | |a Ε |b 140642 | ||
| 909 | |a Λ |b 105868 | ||
| 922 | |a 5ΕΛΗ |b 200711 |c ΕΠΕΑΕΚ2/ΤΜΣΠΣ |d ΕΛΕΥΘΕΡΟΥΔΑΚΗΣ | ||
| 922 | |a 1ΕΛΗ |b 200307 |c ΕΠΕΑΕΚ2/ΤΓ |d ΜΙΧΑΛΟΠΟΥΛΟΣ | ||
| 950 | |a 118-2003-06-09 | ||
| 970 | |a ΚΑΡΑ |b ΓΙΑΣΕΜΗ |z 2003/08/26 | ||